The marriage you've always wanted (Record no. 1386)

MARC details
000 -LEADER
fixed length control field 01491cim a2200361Ia 4500
001 - CONTROL NUMBER
control field 243552
003 - CONTROL NUMBER IDENTIFIER
control field GBCCL
005 - DATE AND TIME OF LATEST TRANSACTION
control field 20241126110400.0
007 - PHYSICAL DESCRIPTION FIXED FIELD--GENERAL INFORMATION
fixed length control field sd fungnn|||eu
008 - FIXED-LENGTH DATA ELEMENTS--GENERAL INFORMATION
fixed length control field 050909s2005 ilunnnn z n eng d
020 ## - INTERNATIONAL STANDARD BOOK NUMBER
International Standard Book Number 1598590081
020 ## - INTERNATIONAL STANDARD BOOK NUMBER
International Standard Book Number 9789382603269
020 ## - INTERNATIONAL STANDARD BOOK NUMBER
International Standard Book Number 9781598590081
035 ## - SYSTEM CONTROL NUMBER
System control number (OCoLC)ocm61460608
035 ## - SYSTEM CONTROL NUMBER
System control number (OCoLC)61460608
Canceled/invalid control number (OCoLC)144550747
040 ## - CATALOGING SOURCE
Original cataloging agency CXP
Transcribing agency CXP
Modifying agency BAKER
-- BTCTA
-- OCLCG
-- RCS
-- BDX
049 ## -
-- LBBG
082 04 - DEWEY DECIMAL CLASSIFICATION NUMBER
Classification number 248.844
Item number CHA
Edition information 22
090 ## - LOCALLY ASSIGNED LC-TYPE CALL NUMBER (OCLC); LOCAL CALL NUMBER (RLIN)
Classification number (OCLC) (R) ; Classification number, CALL (RLIN) (NR) BV4596
Local cutter number (OCLC) ; Book number/undivided call number, CALL (RLIN) .C366 2005
100 1# - MAIN ENTRY--PERSONAL NAME
Personal name Chapman, Gary D.,
Dates associated with a name 1938-
9 (RLIN) 2732
245 14 - TITLE STATEMENT
Title The marriage you've always wanted
Statement of responsibility, etc. by Gary Chapman.
250 ## - EDITION STATEMENT
Edition statement Indian ed.
260 ## - PUBLICATION, DISTRIBUTION, ETC.
Place of publication, distribution, etc. Secunderabad :
Name of publisher, distributor, etc. Authentic,
Date of publication, distribution, etc. 2015.
300 ## - PHYSICAL DESCRIPTION
Extent 158p. ;
Other physical details 23cm.
500 ## - GENERAL NOTE
General note .
505 0# - FORMATTED CONTENTS NOTE
Formatted contents note What is marriage for? -- "Why won't they change?" -- What love really means -- "Listen to me!" -- Who takes care of what? -- Decisions, decisions -- "You mean we have to work at sex?" -- Leaving and honoring parents -- Love and money.
511 0# - PARTICIPANT OR PERFORMER NOTE
Participant or performer note Read by the author.
520 ## - SUMMARY, ETC.
Summary, etc. Gary Chapman, bestselling author of The Five Love Languages, teaches us how to communicate, rekindle love, and how to avoid financial bondage within our marriage.
650 #0 - SUBJECT ADDED ENTRY--TOPICAL TERM
Topical term or geographic name entry element Marriage
General subdivision Religious aspects
-- Christianity.
9 (RLIN) 295
700 1# - ADDED ENTRY--PERSONAL NAME
Personal name Chapman, Gary D.,
Dates associated with a name 1938-
Title of a work Toward a growing marriage.
9 (RLIN) 2733
700 1# - ADDED ENTRY--PERSONAL NAME
Personal name Chapman, Gary D.,
Dates associated with a name 1938-
Title of a work Dr. Gary Chapman on the marriage you always wanted.
9 (RLIN) 2734
942 ## - ADDED ENTRY ELEMENTS (KOHA)
Source of classification or shelving scheme Dewey Decimal Classification
Koha item type Books
Koha issues (borrowed), all copies 14
Holdings
Withdrawn status Lost status Source of classification or shelving scheme Damaged status Not for loan Home library Current Library Shelving location Date acquired Cost, normal purchase price Total checkouts Full call number Barcode Date last seen Date last checked out Copy number Price effective from Koha item type
    Dewey Decimal Classification     GRACE BIBLE COLLEGE GRACE BIBLE COLLEGE Ministry & Mission 2017-04-27 70.85 14 248.844 CHA 014337 2025-05-01 2023-09-05 c.1 2017-04-27 Books
© Grace Bible College Library 2025